[Event "Amateur Tournament (ATO)"]
[Site "https://www.chess.com"]
[Date "2025.07.18"]
[Round "4"]
[White "Christoffersen, Odd"]
[Black "Brand, Thomas"]
[Result "1-0"]
[Board "42"]
[WhiteFideId "1506129"]
[BlackFideId "34641009"]
[WhiteElo "1728"]
[BlackElo "1464"]
[WhiteTeam "NOR"]
[BlackTeam "GER"]
[WhiteClock "0:31:21"]
[BlackClock "0:30:27"]
[Variant "Standard"]

1. e4 {[%clk 1:30:52]}  c5 {[%clk 1:30:49]} 2. Nf3 {[%clk 1:31:12]}  d6 {[%clk 1:31:08]} 3. Bb5+ {[%clk 1:31:35]}  Nd7 {[%clk 1:31:29]} 4. d4 {[%clk 1:31:39]}  a6 {[%clk 1:31:14]} 5. Bxd7+ {[%clk 1:30:30]}  Bxd7 {[%clk 1:30:49]} 6. dxc5 {[%clk 1:30:31]}  Qa5+ {[%clk 1:28:05]} 7. Nc3 {[%clk 1:29:20]}  Qxc5 {[%clk 1:28:09]} 8. O-O {[%clk 1:28:46]}  Nf6 {[%clk 1:27:59]} 9. Be3 {[%clk 1:26:50]}  Qh5 {[%clk 1:25:42]} 10. Qd3 {[%clk 1:17:31]}  Bc6 {[%clk 1:18:32]} 11. Rfe1 {[%clk 1:17:16]}  e6 {[%clk 1:16:50]} 12. Bf4 {[%clk 1:11:26]}  Rd8 {[%clk 1:11:44]} 13. Bg3 {[%clk 1:09:35]}  Be7 {[%clk 1:09:35]} 14. Nd4 {[%clk 1:08:38]}  Bd7 {[%clk 0:59:21]} 15. Nb3 {[%clk 1:03:48]}  O-O {[%clk 0:56:58]} 16. Rad1 {[%clk 0:54:18]}  Bc6 {[%clk 0:53:13]} 17. f3 {[%clk 0:51:46]}  d5 {[%clk 0:52:32]} 18. e5 {[%clk 0:50:36]}  Nd7 {[%clk 0:50:32]} 19. f4 {[%clk 0:43:32]}  Nc5 {[%clk 0:47:09]} 20. Qe2 {[%clk 0:40:09]}  Qg6 {[%clk 0:43:29]} 21. Bf2 {[%clk 0:36:57]}  Nxb3 {[%clk 0:39:02]} 22. axb3 {[%clk 0:35:48]}  Bb4 {[%clk 0:37:01]} 23. Bd4 {[%clk 0:34:49]}  Rc8 {[%clk 0:29:42]} 24. Qf2 {[%clk 0:34:26]}  a5 {[%clk 0:27:05]} 25. Re3 {[%clk 0:33:08]}  b5 {[%clk 0:24:49]} 26. Rg3 {[%clk 0:31:22]}  Qh5 {[%clk 0:23:13]} 27. Rg5 {[%clk 0:29:44]}  Qh6 {[%clk 0:23:12]} 28. Rd3 {[%clk 0:29:24]}  f6 {[%clk 0:16:44]} 29. exf6 {[%clk 0:27:52]}  Rxf6 {[%clk 0:17:12]} 30. Bxf6 {[%clk 0:16:24]}  Qxf6 {[%clk 0:17:37]} 31. Ne2 {[%clk 0:14:16]}  Bb7 {[%clk 0:14:20]} 32. c3 {[%clk 0:11:48]}  Bc5 {[%clk 0:13:32]} 33. Nd4 {[%clk 0:11:41]}  b4 {[%clk 0:11:35]} 34. Qd2 {[%clk 0:10:44]}  Rf8 {[%clk 0:09:45]} 35. Rf3 {[%clk 0:10:12]}  Bd6 {[%clk 0:07:51]} 36. Ne2 {[%clk 0:06:37]}  e5 {[%clk 0:07:26]} 37. fxe5 {[%clk 0:05:08]}  Bxe5 {[%clk 0:07:25]} 38. Rxf6 {[%clk 0:05:06]}  Bxf6 {[%clk 0:07:03]} 39. Rg4 {[%clk 0:05:17]}  Be5 {[%clk 0:04:00]} 40. g3 {[%clk 0:04:30]}  Bc7 {[%clk 0:03:03]} 41. Nd4 {[%clk 0:04:22]}  Ba6 {[%clk 0:02:15]} 42. Qe3 {[%clk 0:02:34]}  Bf1 {[%clk 0:01:59]} 43. Ne6 {[%clk 0:01:03]}  Rf7 {[%clk 0:00:38]} 44. Rxg7+ {[%clk 0:00:58]}  Rxg7 {[%clk 0:30:24]} 45. Nxg7 {[%clk 0:31:12]}  Kxg7 {[%clk 0:30:27]} 46. Qe7+ {[%clk 0:31:21]} 1-0

[Event "Amateur Tournament (ATO)"]
[Site "https://www.chess.com"]
[Date "2025.07.18"]
[Round "4"]
[White "Panda, Gyorgy"]
[Black "Barros, Gustavo"]
[Result "1-0"]
[Board "43"]
[WhiteFideId "799548"]
[BlackFideId "1368125"]
[WhiteElo "1718"]
[BlackElo "1658"]
[WhiteTeam "HUN"]
[BlackTeam "SUI"]
[WhiteClock "0:57:48"]
[BlackClock "0:42:11"]
[Variant "Standard"]

1. Nf3 {[%clk 1:30:47]}  Nf6 {[%clk 1:30:20]} 2. g3 {[%clk 1:31:11]}  d5 {[%clk 1:30:31]} 3. Bg2 {[%clk 1:31:34]}  c5 {[%clk 1:30:52]} 4. O-O {[%clk 1:31:49]}  Nc6 {[%clk 1:30:46]} 5. d4 {[%clk 1:32:11]}  Bf5 {[%clk 1:29:48]} 6. c4 {[%clk 1:30:40]}  e6 {[%clk 1:27:51]} 7. Qa4 {[%clk 1:29:59]}  Bd6 {[%clk 1:25:03]} 8. dxc5 {[%clk 1:28:59]}  Bxc5 {[%clk 1:25:17]} 9. Ne5 {[%clk 1:25:00]}  Qc8 {[%clk 1:18:51]} 10. Nc3 {[%clk 1:21:58]}  O-O {[%clk 1:16:01]} 11. Nd3 {[%clk 1:20:37]}  Bxd3 {[%clk 1:13:09]} 12. exd3 {[%clk 1:20:49]}  Rd8 {[%clk 1:10:04]} 13. cxd5 {[%clk 1:16:16]}  Nxd5 {[%clk 1:08:57]} 14. Qh4 {[%clk 1:11:38]}  Nxc3 {[%clk 1:05:32]} 15. bxc3 {[%clk 1:11:59]}  Rxd3 {[%clk 1:03:38]} 16. Be4 {[%clk 1:12:00]}  Rxc3 {[%clk 0:57:51]} 17. Qxh7+ {[%clk 1:12:17]}  Kf8 {[%clk 0:57:17]} 18. Qh8+ {[%clk 1:11:14]}  Ke7 {[%clk 0:57:01]} 19. Bg5+ {[%clk 1:11:36]}  Kd7 {[%clk 0:55:18]} 20. Qxg7 {[%clk 1:11:26]}  Qh8 {[%clk 0:46:27]} 21. Qxf7+ {[%clk 1:09:38]}  Kc8 {[%clk 0:44:35]} 22. Qxe6+ {[%clk 1:09:11]}  Kc7 {[%clk 0:44:50]} 23. Bf4+ {[%clk 0:57:58]}  Kb6 {[%clk 0:42:11]} 24. Rab1+ {[%clk 0:58:16]}  Ka6 {[%clk 0:42:11]} 25. Bd3+ {[%clk 0:57:48]} 1-0

[Event "Amateur Tournament (ATO)"]
[Site "https://www.chess.com"]
[Date "2025.07.18"]
[Round "4"]
[White "Trzcinska, Wiktoria"]
[Black "Zimmermann, Stefan SUI"]
[Result "1/2-1/2"]
[Board "45"]
[WhiteFideId "91111706"]
[BlackFideId "1320157"]
[WhiteElo "1568"]
[BlackElo "1714"]
[WhiteTeam "POL"]
[BlackTeam "SUI"]
[WhiteClock "0:50:42"]
[BlackClock "0:54:24"]
[Variant "Standard"]

1. e4 {[%clk 1:30:50]}  d5 {[%clk 1:30:47]} 2. exd5 {[%clk 1:30:44]}  Qxd5 {[%clk 1:30:43]} 3. Nc3 {[%clk 1:31:02]}  Qd6 {[%clk 1:31:04]} 4. Nf3 {[%clk 1:28:55]}  Nf6 {[%clk 1:31:18]} 5. d4 {[%clk 1:27:05]}  a6 {[%clk 1:31:39]} 6. Be3 {[%clk 1:26:26]}  b5 {[%clk 1:31:27]} 7. a3 {[%clk 1:26:14]}  Bb7 {[%clk 1:31:37]} 8. Bd3 {[%clk 1:23:30]}  e6 {[%clk 1:31:40]} 9. O-O {[%clk 1:20:25]}  Be7 {[%clk 1:31:55]} 10. Re1 {[%clk 1:05:24]}  O-O {[%clk 1:31:42]} 11. Ne5 {[%clk 1:00:57]}  Nbd7 {[%clk 1:29:51]} 12. Nxd7 {[%clk 1:00:36]}  Qxd7 {[%clk 1:29:34]} 13. Be2 {[%clk 1:00:28]}  Rac8 {[%clk 1:22:01]} 14. Bf3 {[%clk 1:00:07]}  Nd5 {[%clk 1:13:30]} 15. Nxd5 {[%clk 0:59:59]}  Bxd5 {[%clk 1:13:41]} 16. Bxd5 {[%clk 1:00:26]}  Qxd5 {[%clk 1:12:43]} 17. Qd3 {[%clk 1:00:11]}  Rfd8 {[%clk 1:10:17]} 18. c3 {[%clk 0:58:02]}  c5 {[%clk 1:09:38]} 19. Qd1 {[%clk 0:57:30]}  c4 {[%clk 1:01:01]} 20. Bd2 {[%clk 0:50:42]}  Qf5 {[%clk 0:54:24]} 1/2-1/2

[Event "Amateur Tournament (ATO)"]
[Site "https://www.chess.com"]
[Date "2025.07.18"]
[Round "4"]
[White "Stroo, Kees"]
[Black "Strebel, Beda"]
[Result "0-1"]
[Board "46"]
[WhiteFideId "1337084"]
[BlackFideId "1366432"]
[WhiteElo "1544"]
[BlackElo "1695"]
[WhiteTeam "SUI"]
[BlackTeam "SUI"]
[WhiteClock "0:37:57"]
[BlackClock "0:39:42"]
[Variant "Standard"]

1. d4 {[%clk 1:30:54]}  d5 {[%clk 1:30:56]} 2. c4 {[%clk 1:30:56]}  e6 {[%clk 1:31:23]} 3. Nc3 {[%clk 1:30:52]}  Nf6 {[%clk 1:31:47]} 4. Bg5 {[%clk 1:30:59]}  Be7 {[%clk 1:32:01]} 5. cxd5 {[%clk 1:30:14]}  exd5 {[%clk 1:32:08]} 6. e3 {[%clk 1:30:03]}  c6 {[%clk 1:31:50]} 7. Bd3 {[%clk 1:29:55]}  h6 {[%clk 1:30:42]} 8. Bh4 {[%clk 1:29:24]}  O-O {[%clk 1:30:49]} 9. Nge2 {[%clk 1:28:04]}  Re8 {[%clk 1:28:37]} 10. O-O {[%clk 1:26:51]}  Nbd7 {[%clk 1:24:38]} 11. a3 {[%clk 1:23:43]}  a5 {[%clk 1:21:04]} 12. Rb1 {[%clk 1:20:47]}  Nf8 {[%clk 1:16:31]} 13. b4 {[%clk 1:19:14]}  Ng6 {[%clk 1:14:10]} 14. Bxf6 {[%clk 1:14:15]}  Bxf6 {[%clk 1:13:38]} 15. b5 {[%clk 1:12:04]}  Be7 {[%clk 1:12:49]} 16. bxc6 {[%clk 1:10:35]}  bxc6 {[%clk 1:13:09]} 17. a4 {[%clk 1:07:05]}  Bd6 {[%clk 1:11:20]} 18. Qc2 {[%clk 1:05:59]}  Qg5 {[%clk 1:10:12]} 19. Bxg6 {[%clk 1:03:59]}  fxg6 {[%clk 1:09:55]} 20. Ng3 {[%clk 1:03:30]}  h5 {[%clk 1:06:46]} 21. Nce2 {[%clk 0:58:57]}  Bd7 {[%clk 1:05:13]} 22. Rb7 {[%clk 0:53:45]}  Rad8 {[%clk 1:00:44]} 23. Rfb1 {[%clk 0:51:51]}  h4 {[%clk 1:00:23]} 24. Nf1 {[%clk 0:49:07]}  Bh3 {[%clk 1:00:10]} 25. g3 {[%clk 0:48:08]}  Qg4 {[%clk 1:00:02]} 26. f3 {[%clk 0:46:15]}  Qxf3 {[%clk 1:00:06]} 27. Nf4 {[%clk 0:46:23]}  Bxf1 {[%clk 0:55:35]} 28. Rxf1 {[%clk 0:44:58]}  Qxe3+ {[%clk 0:54:56]} 29. Qf2 {[%clk 0:44:41]}  Qxf2+ {[%clk 0:54:43]} 30. Rxf2 {[%clk 0:44:41]}  hxg3 {[%clk 0:55:01]} 31. hxg3 {[%clk 0:44:58]}  g5 {[%clk 0:48:25]} 32. Ng6 {[%clk 0:44:16]}  Re6 {[%clk 0:47:38]} 33. Ne5 {[%clk 0:44:06]}  Bxe5 {[%clk 0:45:14]} 34. dxe5 {[%clk 0:44:22]}  Rf8 {[%clk 0:45:29]} 35. Re2 {[%clk 0:43:05]}  Rf3 {[%clk 0:43:20]} 36. Kg2 {[%clk 0:42:52]}  Ra3 {[%clk 0:42:49]} 37. Rf2 {[%clk 0:43:05]}  Rxa4 {[%clk 0:43:00]} 38. Rff7 {[%clk 0:43:23]}  Rg6 {[%clk 0:43:08]} 39. e6 {[%clk 0:40:22]}  Kh7 {[%clk 0:39:24]} 40. e7 {[%clk 0:40:09]}  Re4 {[%clk 0:39:48]} 41. Rf8 {[%clk 0:40:05]}  Rge6 {[%clk 0:39:48]} 42. Rf7 {[%clk 0:39:40]}  g4 {[%clk 0:38:55]} 43. Rxg7+ {[%clk 0:39:25]}  Kh6 {[%clk 0:40:29]} 44. Rh7+ {[%clk 0:38:52]}  Kg6 {[%clk 0:40:31]} 45. Rg7+ {[%clk 0:38:34]}  Kf6 {[%clk 0:39:42]} 46. Rh7 {[%clk 0:37:57]} 0-1

[Event "Amateur Tournament (ATO)"]
[Site "https://www.chess.com"]
[Date "2025.07.18"]
[Round "4"]
[White "Harte, Bernd"]
[Black "Archit Saigal"]
[Result "1/2-1/2"]
[Board "47"]
[WhiteFideId "1356399"]
[BlackFideId "46631291"]
[WhiteElo "1646"]
[BlackElo "1494"]
[WhiteTeam "SUI"]
[BlackTeam "IND"]
[WhiteClock "0:00:49"]
[BlackClock "0:24:54"]
[Variant "Standard"]

1. g4 {[%clk 1:18:54]}  d5 {[%clk 1:30:30]} 2. Bg2 {[%clk 1:18:54]}  c6 {[%clk 1:30:24]} 3. h3 {[%clk 1:19:10]}  e6 {[%clk 1:29:49]} 4. e3 {[%clk 1:15:39]}  Bd6 {[%clk 1:20:44]} 5. a3 {[%clk 1:15:39]}  Ne7 {[%clk 1:20:43]} 6. d4 {[%clk 1:14:01]}  e5 {[%clk 1:19:53]} 7. dxe5 {[%clk 1:11:35]}  Bxe5 {[%clk 1:17:46]} 8. f4 {[%clk 1:11:53]}  Bd6 {[%clk 1:16:49]} 9. Nc3 {[%clk 1:10:26]}  Qc7 {[%clk 1:16:14]} 10. b3 {[%clk 1:08:59]}  Be6 {[%clk 1:14:36]} 11. Bb2 {[%clk 1:04:46]}  O-O {[%clk 1:13:58]} 12. Nge2 {[%clk 1:00:15]}  Re8 {[%clk 1:13:27]} 13. Ng3 {[%clk 0:54:44]}  Na6 {[%clk 1:11:24]} 14. Nh5 {[%clk 0:47:20]}  f6 {[%clk 1:09:54]} 15. b4 {[%clk 0:36:28]}  Rad8 {[%clk 1:07:36]} 16. Ne2 {[%clk 0:33:13]}  d4 {[%clk 1:05:13]} 17. Nxd4 {[%clk 0:25:59]}  Bf7 {[%clk 1:01:17]} 18. c4 {[%clk 0:18:46]}  Nxb4 {[%clk 0:50:13]} 19. axb4 {[%clk 0:16:12]}  Bxb4+ {[%clk 0:44:44]} 20. Kf2 {[%clk 0:15:36]}  Bxc4 {[%clk 0:45:00]} 21. Rxa7 {[%clk 0:12:39]}  Qb6 {[%clk 0:44:50]} 22. Qa1 {[%clk 0:10:24]}  Nd5 {[%clk 0:44:24]} 23. Bc1 {[%clk 0:07:38]}  Bc3 {[%clk 0:41:34]} 24. Bxd5+ {[%clk 0:05:42]}  Bxd5 {[%clk 0:39:12]} 25. Qxc3 {[%clk 0:05:51]}  Qxa7 {[%clk 0:38:56]} 26. Rg1 {[%clk 0:06:09]}  Be4 {[%clk 0:39:06]} 27. Bb2 {[%clk 0:02:54]}  b5 {[%clk 0:33:03]} 28. f5 {[%clk 0:00:45]}  Bd5 {[%clk 0:30:50]} 29. g5 {[%clk 0:00:35]}  c5 {[%clk 0:30:39]} 30. Ne6 {[%clk 0:00:32]}  b4 {[%clk 0:30:34]} 31. Nxf6+ {[%clk 0:00:31]}  Kf7 {[%clk 0:30:15]} 32. Nxd8+ {[%clk 0:00:31]}  Kf8 {[%clk 0:29:12]} 33. Nxh7+ {[%clk 0:00:32]}  Kg8 {[%clk 0:29:18]} 34. Qxg7+ {[%clk 0:00:54]}  Qxg7 {[%clk 0:26:24]} 35. Bxg7 {[%clk 0:01:14]}  Kxg7 {[%clk 0:26:29]} 36. g6 {[%clk 0:00:50]}  Rxd8 {[%clk 0:26:15]} 37. Rd1 {[%clk 0:01:00]}  b3 {[%clk 0:25:37]} 38. e4 {[%clk 0:00:43]}  b2 {[%clk 0:25:52]} 39. exd5 {[%clk 0:01:07]}  Rxd5 {[%clk 0:24:55]} 40. Rb1 {[%clk 0:01:07]}  Rxf5+ {[%clk 0:24:54]} 41. Kg3 {[%clk 0:00:49]} 1/2-1/2

[Event "Amateur Tournament (ATO)"]
[Site "https://www.chess.com"]
[Date "2025.07.19"]
[Round "5"]
[White "Kuenzli, Simon"]
[Black "Tkhoruk, Roman"]
[Result "1/2-1/2"]
[Board "1"]
[WhiteFideId "1308475"]
[BlackFideId "34161589"]
[WhiteElo "1993"]
[BlackElo "1893"]
[WhiteTeam "SUI"]
[BlackTeam "SUI"]
[WhiteClock "0:33:05"]
[BlackClock "0:27:45"]
[Variant "Standard"]

1. e4 {[%clk 1:30:36]}  c6 {[%clk 1:30:52]} 2. d4 {[%clk 1:30:50]}  d5 {[%clk 1:30:53]} 3. exd5 {[%clk 1:31:10]}  cxd5 {[%clk 1:31:17]} 4. Bd3 {[%clk 1:31:32]}  Nc6 {[%clk 1:31:29]} 5. c3 {[%clk 1:31:54]}  Nf6 {[%clk 1:31:52]} 6. h3 {[%clk 1:32:11]}  e5 {[%clk 1:31:44]} 7. dxe5 {[%clk 1:32:34]}  Nxe5 {[%clk 1:32:05]} 8. Nf3 {[%clk 1:32:59]}  Nxf3+ {[%clk 1:31:55]} 9. Qxf3 {[%clk 1:33:12]}  Be7 {[%clk 1:31:59]} 10. O-O {[%clk 1:33:28]}  O-O {[%clk 1:32:16]} 11. Be3 {[%clk 1:30:40]}  h6 {[%clk 1:29:29]} 12. Nd2 {[%clk 1:29:02]}  Be6 {[%clk 1:28:04]} 13. Nb3 {[%clk 1:28:50]}  Re8 {[%clk 1:26:32]} 14. Nd4 {[%clk 1:28:10]}  a6 {[%clk 1:25:49]} 15. Rfe1 {[%clk 1:27:42]}  Bd6 {[%clk 1:24:11]} 16. Nf5 {[%clk 1:25:18]}  Bxf5 {[%clk 1:17:32]} 17. Qxf5 {[%clk 1:22:47]}  Qd7 {[%clk 0:42:49]} 18. Qf3 {[%clk 1:15:57]}  Be5 {[%clk 0:40:33]} 19. Rad1 {[%clk 1:10:58]}  Qa4 {[%clk 0:38:03]} 20. a3 {[%clk 0:56:06]}  Rad8 {[%clk 0:25:45]} 21. Bf5 {[%clk 0:40:40]}  Qc6 {[%clk 0:16:26]} 22. Re2 {[%clk 0:34:32]}  g6 {[%clk 0:10:22]} 23. Bb1 {[%clk 0:24:01]}  Kg7 {[%clk 0:07:42]} 24. Bxh6+ {[%clk 0:21:11]}  Kxh6 {[%clk 0:07:31]} 25. Red2 {[%clk 0:21:10]}  Kg7 {[%clk 0:07:48]} 26. Qe3 {[%clk 0:21:36]}  Kg8 {[%clk 0:06:29]} 27. Qd4 {[%clk 0:17:29]}  Kg7 {[%clk 0:06:29]} 28. Ba2 {[%clk 0:17:29]}  Kg8 {[%clk 0:05:32]} 29. Re2 {[%clk 0:16:50]}  Kf8 {[%clk 0:00:57]} 30. f3 {[%clk 0:13:16]}  g5 {[%clk 0:27:45]} 31. g4 {[%clk 0:33:05]} 1/2-1/2

[Event "Amateur Tournament (ATO)"]
[Site "https://www.chess.com"]
[Date "2025.07.19"]
[Round "5"]
[White "Lavorgna, Giovanni"]
[Black "Anetov, Aisultan"]
[Result "1/2-1/2"]
[Board "2"]
[WhiteFideId "11800100"]
[BlackFideId "13784943"]
[WhiteTitle "CM"]
[WhiteElo "1912"]
[BlackElo "1584"]
[WhiteTeam "ITA"]
[BlackTeam "KAZ"]
[WhiteClock "0:29:23"]
[BlackClock "1:02:36"]
[Variant "Standard"]

1. d4 {[%clk 1:30:57]}  d5 {[%clk 1:29:29]} 2. Nf3 {[%clk 1:31:02]}  Nf6 {[%clk 1:29:15]} 3. c4 {[%clk 1:31:10]}  e6 {[%clk 1:29:14]} 4. g3 {[%clk 1:31:21]}  Be7 {[%clk 1:29:36]} 5. Bg2 {[%clk 1:31:13]}  O-O {[%clk 1:29:50]} 6. O-O {[%clk 1:30:56]}  c6 {[%clk 1:29:30]} 7. Nc3 {[%clk 1:30:33]}  a5 {[%clk 1:29:53]} 8. Nd2 {[%clk 1:24:59]}  b5 {[%clk 1:28:52]} 9. cxb5 {[%clk 1:23:14]}  cxb5 {[%clk 1:29:18]} 10. Nxb5 {[%clk 1:22:57]}  Qb6 {[%clk 1:29:41]} 11. a4 {[%clk 1:18:59]}  Nc6 {[%clk 1:29:47]} 12. Nf3 {[%clk 1:11:55]}  Ba6 {[%clk 1:25:41]} 13. Nc3 {[%clk 1:07:02]}  Rab8 {[%clk 1:22:54]} 14. Bf4 {[%clk 1:05:00]}  Rbc8 {[%clk 1:23:18]} 15. Rb1 {[%clk 1:00:59]}  Ne4 {[%clk 1:20:42]} 16. Ne5 {[%clk 0:55:30]}  Nxe5 {[%clk 1:19:57]} 17. Nxe4 {[%clk 0:55:35]}  Nc6 {[%clk 1:18:02]} 18. Nd6 {[%clk 0:49:57]}  Rcd8 {[%clk 1:17:58]} 19. g4 {[%clk 0:29:23]}  h6 {[%clk 1:02:36]} 1/2-1/2

[Event "Amateur Tournament (ATO)"]
[Site "https://www.chess.com"]
[Date "2025.07.19"]
[Round "5"]
[White "Tereshchenko, Eliza"]
[Black "Mueller, Andrin"]
[Result "1-0"]
[Board "3"]
[WhiteFideId "34389890"]
[BlackFideId "1348809"]
[WhiteElo "1874"]
[BlackElo "1884"]
[WhiteTeam "FID"]
[BlackTeam "SUI"]
[WhiteClock "0:24:00"]
[BlackClock "0:15:41"]
[Variant "Standard"]

1. d4 {[%clk 1:30:57]}  Nf6 {[%clk 1:17:52]} 2. Nf3 {[%clk 1:31:21]}  d5 {[%clk 1:18:04]} 3. g3 {[%clk 1:31:37]}  Bf5 {[%clk 1:17:19]} 4. Bg2 {[%clk 1:31:48]}  h6 {[%clk 1:17:22]} 5. c4 {[%clk 1:32:02]}  c6 {[%clk 1:17:41]} 6. Nc3 {[%clk 1:32:01]}  e6 {[%clk 1:17:17]} 7. Qb3 {[%clk 1:32:19]}  Qb6 {[%clk 1:17:27]} 8. c5 {[%clk 1:32:31]}  Qxb3 {[%clk 1:17:43]} 9. axb3 {[%clk 1:32:54]}  Na6 {[%clk 1:16:43]} 10. O-O {[%clk 1:31:25]}  Be7 {[%clk 1:11:06]} 11. h3 {[%clk 1:29:50]}  Ne4 {[%clk 1:06:55]} 12. g4 {[%clk 1:27:38]}  Bh7 {[%clk 1:05:13]} 13. Bf4 {[%clk 1:23:50]}  f6 {[%clk 0:58:38]} 14. e3 {[%clk 1:22:26]}  Bd8 {[%clk 0:57:28]} 15. Rfc1 {[%clk 1:10:44]}  Bc7 {[%clk 0:46:54]} 16. Bf1 {[%clk 1:08:29]}  Bxf4 {[%clk 0:46:54]} 17. Bxa6 {[%clk 1:08:25]}  bxa6 {[%clk 0:45:38]} 18. exf4 {[%clk 1:08:48]}  O-O {[%clk 0:45:14]} 19. Rxa6 {[%clk 1:07:54]}  Rfc8 {[%clk 0:43:33]} 20. Rca1 {[%clk 0:54:42]}  Nxc3 {[%clk 0:35:09]} 21. bxc3 {[%clk 0:55:04]}  Rc7 {[%clk 0:35:19]} 22. Re1 {[%clk 0:43:47]}  Kf7 {[%clk 0:33:48]} 23. Re3 {[%clk 0:39:55]}  Bc2 {[%clk 0:30:31]} 24. Nd2 {[%clk 0:38:03]}  Rb8 {[%clk 0:29:29]} 25. c4 {[%clk 0:30:42]}  Rb4 {[%clk 0:27:03]} 26. f5 {[%clk 0:24:42]}  exf5 {[%clk 0:23:46]} 27. Rc3 {[%clk 0:24:37]}  Bd1 {[%clk 0:20:37]} 28. Ra1 {[%clk 0:24:00]}  Be2 {[%clk 0:15:41]} 1-0

[Event "Amateur Tournament (ATO)"]
[Site "https://www.chess.com"]
[Date "2025.07.19"]
[Round "5"]
[White "Tereshchenko, Eva"]
[Black "Haas, Anthony"]
[Result "1/2-1/2"]
[Board "4"]
[WhiteFideId "34389903"]
[BlackFideId "1346407"]
[WhiteElo "1809"]
[BlackElo "1883"]
[WhiteTeam "FID"]
[BlackTeam "SUI"]
[WhiteClock "0:14:34"]
[BlackClock "0:05:26"]
[Variant "Standard"]

1. e4 {[%clk 1:30:58]}  e6 {[%clk 1:30:56]} 2. d4 {[%clk 1:31:24]}  d5 {[%clk 1:31:24]} 3. Nd2 {[%clk 1:31:47]}  Be7 {[%clk 1:31:49]} 4. Bd3 {[%clk 1:31:54]}  Nf6 {[%clk 1:30:59]} 5. Ngf3 {[%clk 1:31:19]}  c5 {[%clk 1:31:17]} 6. dxc5 {[%clk 1:31:27]}  Bxc5 {[%clk 1:28:53]} 7. exd5 {[%clk 1:28:12]}  exd5 {[%clk 1:28:37]} 8. O-O {[%clk 1:27:25]}  O-O {[%clk 1:27:59]} 9. Nb3 {[%clk 1:27:34]}  Bd6 {[%clk 1:20:17]} 10. Bg5 {[%clk 1:25:56]}  Nc6 {[%clk 1:15:10]} 11. c3 {[%clk 1:21:19]}  Bg4 {[%clk 1:13:17]} 12. Be2 {[%clk 1:20:42]}  Be7 {[%clk 1:08:54]} 13. Nfd4 {[%clk 1:18:17]}  Bxe2 {[%clk 1:02:06]} 14. Qxe2 {[%clk 1:16:32]}  h6 {[%clk 0:58:48]} 15. Bh4 {[%clk 0:55:46]}  Qd7 {[%clk 0:55:16]} 16. Rfe1 {[%clk 0:55:46]}  Rfe8 {[%clk 0:54:01]} 17. Qc2 {[%clk 0:54:26]}  Ne4 {[%clk 0:48:01]} 18. Bxe7 {[%clk 0:52:36]}  Nxd4 {[%clk 0:36:44]} 19. Nxd4 {[%clk 0:51:59]}  Rxe7 {[%clk 0:36:44]} 20. Rad1 {[%clk 0:43:06]}  Rae8 {[%clk 0:32:56]} 21. Re3 {[%clk 0:39:24]}  a6 {[%clk 0:19:31]} 22. h3 {[%clk 0:32:05]}  g6 {[%clk 0:10:34]} 23. Nf3 {[%clk 0:29:54]}  Nf6 {[%clk 0:07:58]} 24. Ree1 {[%clk 0:22:19]}  Kg7 {[%clk 0:07:45]} 25. Kh2 {[%clk 0:16:13]}  h5 {[%clk 0:05:02]} 26. Kg3 {[%clk 0:14:34]}  Kf8 {[%clk 0:05:26]} 1/2-1/2

[Event "Amateur Tournament (ATO)"]
[Site "https://www.chess.com"]
[Date "2025.07.19"]
[Round "5"]
[White "Jud, Marc"]
[Black "Kleinhenz, Hans-Georg"]
[Result "1-0"]
[Board "6"]
[WhiteFideId "1309099"]
[BlackFideId "4634438"]
[WhiteElo "1958"]
[BlackElo "1843"]
[WhiteTeam "SUI"]
[BlackTeam "GER"]
[WhiteClock "0:44:02"]
[BlackClock "0:11:31"]
[Variant "Standard"]

1. Nf3 {[%clk 1:30:56]}  d5 {[%clk 1:30:44]} 2. e3 {[%clk 1:31:15]}  e6 {[%clk 1:29:48]} 3. b3 {[%clk 1:31:24]}  c5 {[%clk 1:27:21]} 4. Bb2 {[%clk 1:31:37]}  Nc6 {[%clk 1:22:23]} 5. d4 {[%clk 1:31:14]}  cxd4 {[%clk 1:18:14]} 6. exd4 {[%clk 1:30:33]}  Nf6 {[%clk 1:17:08]} 7. a3 {[%clk 1:30:30]}  Bd6 {[%clk 1:13:50]} 8. Bd3 {[%clk 1:29:18]}  Qc7 {[%clk 1:08:08]} 9. O-O {[%clk 1:25:53]}  Bd7 {[%clk 0:58:28]} 10. Re1 {[%clk 1:24:29]}  O-O-O {[%clk 0:55:57]} 11. Ne5 {[%clk 1:20:31]}  Be8 {[%clk 0:55:03]} 12. Nd2 {[%clk 1:20:10]}  Nd7 {[%clk 0:51:05]} 13. Nef3 {[%clk 1:19:07]}  g5 {[%clk 0:46:50]} 14. h3 {[%clk 1:15:57]}  h6 {[%clk 0:39:10]} 15. c4 {[%clk 1:14:20]}  Nf8 {[%clk 0:38:45]} 16. cxd5 {[%clk 1:13:10]}  exd5 {[%clk 0:38:27]} 17. b4 {[%clk 1:11:53]}  Kb8 {[%clk 0:36:28]} 18. Rc1 {[%clk 1:08:49]}  Qd7 {[%clk 0:35:39]} 19. b5 {[%clk 1:06:44]}  Ne7 {[%clk 0:35:49]} 20. Ne5 {[%clk 1:06:41]}  Bxe5 {[%clk 0:35:30]} 21. dxe5 {[%clk 1:06:42]}  Ne6 {[%clk 0:34:22]} 22. Nb3 {[%clk 1:05:57]}  Rc8 {[%clk 0:32:30]} 23. Qd2 {[%clk 1:04:36]}  Rg8 {[%clk 0:27:43]} 24. Rxc8+ {[%clk 1:00:55]}  Qxc8 {[%clk 0:27:50]} 25. Rc1 {[%clk 1:00:47]}  Qd8 {[%clk 0:28:10]} 26. Nd4 {[%clk 0:57:06]}  Qb6 {[%clk 0:25:26]} 27. Nxe6 {[%clk 0:55:02]}  fxe6 {[%clk 0:22:55]} 28. Qb4 {[%clk 0:53:21]}  Nc8 {[%clk 0:18:57]} 29. Bd4 {[%clk 0:51:49]}  Qd8 {[%clk 0:19:16]} 30. a4 {[%clk 0:50:21]}  g4 {[%clk 0:14:44]} 31. hxg4 {[%clk 0:49:19]}  Qg5 {[%clk 0:14:22]} 32. Qc3 {[%clk 0:46:29]}  Bd7 {[%clk 0:12:58]} 33. Be2 {[%clk 0:44:40]}  h5 {[%clk 0:11:11]} 34. Qc7+ {[%clk 0:44:02]}  Ka8 {[%clk 0:11:31]} 35. Qc3 {[%clk 0:44:40]}  Kb8 {[%clk 0:10:42]} 36. Qc7+ {[%clk 0:44:02]}  Ka8 {[%clk 0:11:31]} 37. Be3 {[%clk 0:44:02]} 1-0

[Event "Amateur Tournament (ATO)"]
[Site "https://www.chess.com"]
[Date "2025.07.19"]
[Round "5"]
[White "Nergard, Ole-Kristian"]
[Black "Conrad, Vincent"]
[Result "0-1"]
[Board "7"]
[WhiteFideId "1543156"]
[BlackFideId "1312332"]
[WhiteElo "1837"]
[BlackElo "1915"]
[WhiteTeam "NOR"]
[BlackTeam "SUI"]
[WhiteClock "0:55:30"]
[BlackClock "1:01:09"]
[Variant "Standard"]

1. c4 {[%clk 1:18:31]}  Nf6 {[%clk 1:30:28]} 2. g3 {[%clk 1:18:39]}  e6 {[%clk 1:29:41]} 3. Bg2 {[%clk 1:19:00]}  d5 {[%clk 1:27:59]} 4. Nf3 {[%clk 1:16:21]}  Nc6 {[%clk 1:25:00]} 5. d4 {[%clk 1:16:30]}  Bb4+ {[%clk 1:23:16]} 6. Nc3 {[%clk 1:16:40]}  Ne4 {[%clk 1:21:40]} 7. Qd3 {[%clk 1:15:53]}  f5 {[%clk 1:21:13]} 8. O-O {[%clk 1:15:44]}  Bxc3 {[%clk 1:19:31]} 9. bxc3 {[%clk 1:16:11]}  O-O {[%clk 1:19:05]} 10. Nd2 {[%clk 1:13:53]}  Na5 {[%clk 1:12:42]} 11. cxd5 {[%clk 1:10:00]}  exd5 {[%clk 1:13:32]} 12. f3 {[%clk 1:10:15]}  Nxd2 {[%clk 1:10:05]} 13. Bxd2 {[%clk 1:10:38]}  Nc4 {[%clk 1:10:29]} 14. e4 {[%clk 1:08:19]}  c6 {[%clk 1:08:20]} 15. exd5 {[%clk 1:06:38]}  cxd5 {[%clk 1:08:29]} 16. Rfe1 {[%clk 1:04:34]}  Bd7 {[%clk 1:01:09]} 17. f4 {[%clk 0:55:30]} 0-1